Služby s pridanou hodnotou pomáhajú biznisu

Zvyšovanie kvality a spoľahlivosť rozširovania služieb na trhu prepravy a logistických služieb. Bezpečnosť prepravy ako významý faktor ovplyvňujúci kvalitu služieb. Pracovná produktivita a vyškolený personál zabezpečujú včasné doručenie zásielok.

Gespeichert in:
Bibliographische Detailangaben
1. Verfasser: Džundová, Mária
Format: Buchkapitel
Sprache:Slowakisch
Schlagworte:
Tags: Tag hinzufügen
Keine Tags, Fügen Sie das erste Tag hinzu!

MARC

LEADER 00000naa a2200000 4500
001 0174324
005 20231011123258.5
041 0 |a slo 
044 |a SK 
245 1 0 |a Služby s pridanou hodnotou pomáhajú biznisu  |c Mária Džundová 
520 |a Zvyšovanie kvality a spoľahlivosť rozširovania služieb na trhu prepravy a logistických služieb. Bezpečnosť prepravy ako významý faktor ovplyvňujúci kvalitu služieb. Pracovná produktivita a vyškolený personál zabezpečujú včasné doručenie zásielok. 
610 2 0 |a doprava 
610 2 0 |a preprava 
610 2 0 |a logistika 
610 2 0 |a podnik logistický 
610 2 0 |a centrá logistické 
610 2 0 |a služby logistické 
610 2 0 |a kvalita služieb 
100 1 |a Džundová, Mária